Caribbean Islands Flag Quiz #1 - Statistics

General Stats
  • This quiz has been taken 60 times
  • The average score is 14 of 16
Answer Stats
Picture Answer % Correct
Cuba
98%
Dominican Republic
96%
Haiti
96%
Jamaica
96%
Bahamas
94%
Barbados
92%
Dominica
92%
Trinidad and Tobago
92%
Grenada
90%
Saint Lucia
90%
Saint Vincent and the Grenadines
90%
Antigua and Barbuda
87%
Saint Kitts and Nevis
85%
Puerto Rico
75%
United States Virgin Islands
71%
British Virgin Islands
62%
No matching quizzes found
Score Distribution
Percent of People with Each Score
Percentile by Number Answered
Your Score History
You have not taken this quiz